Hepato-pankreato-biliární chirurgie /

Další autoři: Skalický, Tomáš, 1965-
Jazyk: Čeština
Vydáno: Praha : Maxdorf, c2011
Edice: Jessenius
Témata:
Fyzický popis: 614 s. : il. (převážně barev.) ; 24 cm
Knihy
Uloženo v:
LEADER 01733nam a2200481 a 4500
001 nkc20122340929
003 CZ PrNK
005 20120413105513.0
007 ta
008 120203s2011 xr a f 001 0 cze
015 |a cnb002340929 
020 |a 978-80-7345-269-8  |q (váz.) 
035 |a (OCoLC)780139611 
040 |a OLA001  |b cze  |d ABA001 
072 7 |a 616  |x Patologie. Klinická medicína  |2 Konspekt  |9 14 
080 |a 617.55-089  |2 MRF 
080 |a 616.36-089  |2 MRF 
080 |a 616.37-089  |2 MRF 
080 |a 616.361-089  |2 MRF 
080 |a (048.8:082)  |2 MRF 
245 0 0 |a Hepato-pankreato-biliární chirurgie /  |c Tomáš Skalický ... [et al.] 
260 |a Praha :  |b Maxdorf,  |c c2011 
300 |a 614 s. :  |b il. (převážně barev.) ;  |c 24 cm 
490 1 |a Jessenius 
504 |a Obsahuje bibliografii a rejstřík 
650 0 7 |a břišní chirurgie  |7 ph194787  |2 czenas 
650 0 7 |a chirurgie jater  |7 ph370236  |2 czenas 
650 0 7 |a chirurgie pankreatu  |7 ph527836  |2 czenas 
650 0 7 |a chirurgie žlučových cest  |7 ph527835  |2 czenas 
650 0 9 |a abdominal surgery  |2 eczenas 
650 0 9 |a liver surgery  |2 eczenas 
650 0 9 |a pancreatic surgery  |2 eczenas 
650 0 9 |a biliary tract surgery  |2 eczenas 
655 7 |a kolektivní monografie  |7 fd501537  |2 czenas 
655 9 |a collective monographs  |2 eczenas 
700 1 |a Skalický, Tomáš,  |d 1965-  |7 xx0017169  |4 aut 
830 0 |a Jessenius  |0 s 
910 2 |a BOA001  |b 2-1278.867 
990 |a BK 
995 |a 01 
991 |b 201202  |c NOV  |j 616.3 HEP  |e n 
996 6 |b 2610501831  |c 2-1278.867  |l MZK  |r Sklad / do 1 hodiny  |n 0  |p p.v.  |w 001226776  |u 000010  |a 1  |e BOA001  |j MZK50  |s P 
996 7 |b 2610504496  |c 2-1278.867  |l MZK  |r Sklad / do 1 hodiny  |n 7  |p kup  |w 001226776  |u 000020  |a 1  |e BOA001  |j MZK50  |s A